MARC

LEADER 00000nam0a2200000 4500
001 81158
005 20231031095034.0
035 |a (RuTPU)RU\TPU\book\87254 
090 |a 81158 
100 |a 20050917d1984 m y0rusy50 ca 
101 0 |a rus 
102 |a RU 
105 |a a j 001zy 
200 1 |a Теоретические основы электротехники  |e учебник для электротехнических специальностей техникумов  |f Ю. В. Буртаев, П. Н. Овсянников  |g под ред. М. Ю. Зайчика 
210 |a Москва  |c Энергоатомиздат  |d 1984 
215 |a 552 с.  |c ил. 
320 |a Библиогр.: с. 542 
320 |a Алфавитный указатель: с. 543-547. 
610 1 |a теоретическая электротехника 
610 1 |a электрические цепи 
610 1 |a электрические цепи постоянного тока 
610 1 |a электрическое поле 
610 1 |a магнитное поле 
610 1 |a резонансные явления 
610 1 |a колебания 
610 1 |a трехфазные цепи 
610 1 |a учебники 
675 |a 621.3.01(075.8)  |v 3 
700 1 |a Буртаев  |b Ю. В.  |g Юрий Васильевич 
701 1 |a Овсянников  |b П. Н.  |g Павел Николаевич 
702 1 |a Зайчик  |b М. Ю.  |4 340 
801 1 |a RU  |b 63413507  |c 20050917  |g PSBO 
801 2 |a RU  |b 63413507  |c 20200619  |g PSBO 
942 |c BK